| 000 | 01729cam a22001934a 4500 | ||
|---|---|---|---|
| 005 | 20250605163923.0 | ||
| 008 | 250528s ||||||||||||||||||||||||d | ||
| 035 | _a14461 | ||
| 020 | _a9604067621 | ||
| 040 |
_aGR-AtMCL _bgre _dGR-AtMCL _eAACR2 |
||
| 245 | 1 | _aΨυχομετρία / Ιστορία, Θεωρίες και Γενικές Αρχές: Β' Τόμος | |
| 260 |
_bΕλληνικά Γράμματα, _c2004 |
||
| 300 | _a240 | ||
| 520 | _aΟ τόμος πραγματεύεται τα βασικά θέματα που αναφέρονται στην ιστορία, τις θεωρίες και τις γενικές αρχές της ψυχομετρίας με σαφή, περιεκτικό και κατανοητό τρόπο, βοηθώντας τόσο αυτούς που ασχολούνται με την έρευνα όσο και εκείνους που χορηγούν, βαθμολογούν και ερμηνεύουν τα τεστ. Πρόλογος, Θεωρητική Θεμελίωση, Επισκόπηση της Ιστορίας της Ψυχομετρίας, Ψυχομετρικές Θεωρίες, Αξιοπιστία, Εγκυρότητα, Τυπικοί Βαθμοί και Στάθμιση Κλιμάκων, Μεροληπτικότητα των Τεστ και των Ερωτήσεων, Ηθικά - Δεοντολογικά και Κοινωνικά Προβλήματα που Παρουσιάζονται στην Αξιολόγηση, Ερευνητικό, Αξιοπιστία και Εγκυρότητα και Τυπικοί Βαθμοί του ΑΗ4. | ||
| 700 | 1 |
_aΑλεξόπουλος Δημήτριος Σ _9138 |
|
| 942 | _cBK | ||
| 999 |
_c91 _d91 |
||